Organic chemistry: Principles and industrial practice
保存先:
| 第一著者: | |
|---|---|
| フォーマット: | 図書 |
| 言語: | Undetermined |
| 出版事項: |
Weinheim
Wiley-VCH Verleg GmbH & Co. KGaA
2003
|
| 主題: | |
| タグ: |
タグ追加
タグなし, このレコードへの初めてのタグを付けませんか!
|
| Thư viện lưu trữ: | Trung tâm Học liệu Trường Đại học Cần Thơ |
|---|
| LEADER | 00570nam a2200205Ia 4500 | ||
|---|---|---|---|
| 001 | CTU_123438 | ||
| 008 | 210402s9999 xx 000 0 und d | ||
| 020 | |c 880000 | ||
| 082 | |a 547 | ||
| 082 | |b G797 | ||
| 100 | |a Green, Mark M. | ||
| 245 | 0 | |a Organic chemistry: | |
| 245 | 0 | |b Principles and industrial practice | |
| 245 | 0 | |c Mark M. Green and Harold A. Wittcoff | |
| 260 | |a Weinheim | ||
| 260 | |b Wiley-VCH Verleg GmbH & Co. KGaA | ||
| 260 | |c 2003 | ||
| 650 | |a Chemistry, organic | ||
| 904 | |i Minh | ||
| 980 | |a Trung tâm Học liệu Trường Đại học Cần Thơ | ||